| 000 | 00545nam a22001817a 4500 | ||
|---|---|---|---|
| 005 | 20231106144957.0 | ||
| 008 | 231106b |||||||| |||| 00| 0 eng d | ||
| 020 | _a0958318425 | ||
| 041 | _aEnglish | ||
| 082 | _a346.5 EST | ||
| 100 |
_aAbrie, W et al. _lEnglish |
||
| 245 |
_aEstates Planning and Administration / _cW Abrie et al. |
||
| 250 | _aSecond Edition | ||
| 260 |
_aLynnwoodridge : _bProPlus Publishers, _c1991 |
||
| 300 |
_b473 pages ; _c23 cm. |
||
| 650 |
_aLegal practice _bLaw |
||
| 942 |
_cBK _6ALISON_BN_VRIES |
||
| 999 |
_c335 _d335 |
||